Standard Handbook of Petroleum & Natural Gas Engineering / (Record no. 1900)

MARC details
000 -LEADER
fixed length control field 01440nac a22003011u 4500
008 - FIXED-LENGTH DATA ELEMENTS--GENERAL INFORMATION
fixed length control field 091018t xxu||||| |||| 00| 0 eng d
010 ## - LIBRARY OF CONGRESS CONTROL NUMBER
LC control number 2004056285
020 ## - INTERNATIONAL STANDARD BOOK NUMBER
International Standard Book Number 0750677856
020 ## - INTERNATIONAL STANDARD BOOK NUMBER
International Standard Book Number 9780750677851
082 00 - DEWEY DECIMAL CLASSIFICATION NUMBER
Classification number 665.5
Item number STA
100 ## - MAIN ENTRY--PERSONAL NAME
Personal name 20080729
9 (RLIN) 8928
245 00 - TITLE STATEMENT
Title Standard Handbook of Petroleum & Natural Gas Engineering /
Statement of responsibility, etc Editors William C. Lyons, Gary J. Plisga
246 3# - VARYING FORM OF TITLE
Title proper/short title Standard handbook of petroleum and natural gas engineering
250 ## - EDITION STATEMENT
Edition statement 2nd ed.
260 ## - PUBLICATION, DISTRIBUTION, ETC. (IMPRINT)
Place of publication, distribution, etc Burlington, MA ;
-- Oxford, UK :
Name of publisher, distributor, etc Gulf Professional Pub.,
Date of publication, distribution, etc c2005.
300 ## - PHYSICAL DESCRIPTION
Extent 1 v. (various pagings) :
Other physical details ill. ;
Dimensions 27 cm.
504 ## - BIBLIOGRAPHY, ETC. NOTE
Bibliography, etc Includes bibliographical references and indexes.
650 #0 - SUBJECT ADDED ENTRY--TOPICAL TERM
Topical term or geographic name as entry element Petroleum engineering.
9 (RLIN) 8929
650 #0 - SUBJECT ADDED ENTRY--TOPICAL TERM
Topical term or geographic name as entry element Natural gas.
9 (RLIN) 8930
653 ## - INDEX TERM--UNCONTROLLED
Resource For college
700 1# - ADDED ENTRY--PERSONAL NAME
Personal name Lyons, William C.
9 (RLIN) 8931
700 1# - ADDED ENTRY--PERSONAL NAME
Personal name Plisga, Gary J.
9 (RLIN) 8932
856 41 - ELECTRONIC LOCATION AND ACCESS
Materials specified Table of contents
Uniform Resource Identifier <a href="http://www.loc.gov/catdir/toc/els051/2004056285.html">http://www.loc.gov/catdir/toc/els051/2004056285.html</a>
856 41 - ELECTRONIC LOCATION AND ACCESS
Materials specified Publisher description
Uniform Resource Identifier <a href="http://www.loc.gov/catdir/description/els051/2004056285.html">http://www.loc.gov/catdir/description/els051/2004056285.html</a>
942 ## - ADDED ENTRY ELEMENTS (KOHA)
Item type Reference (NB)
Call number prefix 665.5 STA
Source of classification or shelving scheme Dewey Decimal Classification
Holdings
Withdrawn status Item status Source of classification or shelving scheme Damaged status Not for loan Vendor Home library Current library Shelving location Date acquired Source of acquisition Total Checkouts Full call number Barcode Date last seen Cost, replacement price Koha item type Cost, normal purchase price Serial Enumeration / chronology
    Dewey Decimal Classification       Central Library Central Library Ground Floor 04/02/2007     665.5 STA 000002366 15/07/2025 1214.90 Reference (NB)    
    Dewey Decimal Classification     Baccah Central Library Central Library Ground Floor 17/05/2011     665.5 STA 000023592 15/07/2025   Reference (NB) 871.00 12252